000 00882nam a22002657a 4500
003 MX-MxUPN
005 20241014100854.0
008 231005t1985 sp a|||gr|||| 00| 0 spa d
020 _a8434581450
020 _a8434581744
040 _aMX-MxUPN
_bspa
_cMX-MxUPN
041 _aspa
_hfre
050 1 4 _aPG3328 Z6
_bT76 1985
100 1 _943362
_aTroyat, Henri,
_d1911-2007
240 1 0 _aDostoïevski.
_lEspañol
245 1 0 _aDostoyevski :
_bvolumen primero
260 _aBarcelona :
_bSalvat editores,
_c©1985.
300 _a190 páginas :
_bilustraciones
490 0 _aBiblioteca salvat de grandes biografías ;
_v29
600 1 4 _aDostoyevski, Fëdor Mihajlovic,
_d1821-1881
_vBiografía
_954074
650 4 _954076
_aNovelistas rusos
_ySiglo XIX
700 1 _954077
_aAndresco, Irene
_etraducción
902 _aMarielOrtiz/051023
_bMaríaRobles/111024
942 _2lcc
_cLIBRO
_n0
999 _c210469
_d210469